| 000 | 00492nam a22001817a 4500 | ||
|---|---|---|---|
| 003 | CEME | ||
| 005 | 20210628202256.0 | ||
| 008 | 210210b xxu||||| |||| 00| 0 eng d | ||
| 020 | _a81-203-1371-2 | ||
| 040 | _c. | ||
| 082 | _a657.42 WIL | ||
| 100 |
_aWilliamson , Duncan _959112 |
||
| 245 | _aCost and management accounting | ||
| 260 |
_aNEW DELHI _bPRENTICE HALL OF INDIA _c1996 |
||
| 300 | _aXXII,770P | ||
| 650 |
_aCOST ACCOUNTING.MANAGEMENT OF ACCOUNTING _959113 |
||
| 942 |
_cBK _2ddc |
||
| 999 |
_c569162 _d569162 |
||